000 01009nam a2200265Ia 4500
001 18118
003 GE_BSU
008 181216s||||||||xx |||||||||||||| ||und||
020 _a9789941100260
040 _cGE_BSU
080 _a811.353.1(063)
245 _a66-ე სამეცნიერო სესია
245 _b2007 წლის 24-26 დეკემბერი
245 _cრედ. ა. არაბული.
250 _aარნოლდ ჩიქობავას ენათმეცნიერების ინ-ტი
260 _aთბილისი
260 _bმერიდიანი
260 _c2007
300 _a79გვ.21სმ.
520 _aეძღვნება აკადემიკოს აკაკი შანიძის დაბადების 120 წლისთავს
541 _h3ლ.
653 _a66-ე სამეცნიერო სესია
653 _aქართული ენა
942 _cBK
999 _c51159
_d51159